[Event "Junior Online 4NCL Division 5"]
[Site "online"]
[Date "2020.05.21"]
[Round "6.42"]
[White "He, Andrew"]
[Black "Cooper, Dylan E"]
[Result "1/2-1/2"]
[WhiteElo "1207"]
[BlackElo "1277"]
[PlyCount "75"]
[EventDate "2020.05.21"]
[WhiteTeam "Gonzaga College SJ C"]
[BlackTeam "Blackburn's Rovers"]

1. e4 c5 2. Nf3 d6 3. d4 cxd4 4. Nxd4 Nf6 5. Nc3 Nc6 6. f3 g6 7. Be3 Bg7 8. Bc4
O-O 9. Qd2 Bd7 10. O-O-O a6 11. h4 b5 12. Bb3 Qc7 13. g4 Nxd4 14. Bxd4 h6 15.
h5 g5 16. Bxf6 Bxf6 17. Nd5 Qc5 18. Nxf6+ exf6 19. f4 Bxg4 20. Rdg1 Bf3 21.
fxg5 fxg5 22. Qd3 Bxh1 23. Rxh1 Qe5 24. Rg1 Kg7 25. Bd5 Ra7 26. Qe3 Rc7 27. Kb1
Rfc8 28. c3 f6 29. Qb6 Rc5 30. Qxa6 Qf4 31. Qb7+ R8c7 32. Qb6 Qe3 33. Rc1 Qf4
34. Qb8 Rc8 35. Qb7+ R8c7 36. Qb8 Rc8 37. Qb7+ R8c7 38. Qb8 1/2-1/2

[Event "Junior Online 4NCL Division 5"]
[Site "online"]
[Date "2020.05.21"]
[Round "6.43"]
[White "Stanley, Isaac"]
[Black "Burke, Hugh"]
[Result "0-1"]
[WhiteElo "1165"]
[BlackElo "977"]
[PlyCount "60"]
[EventDate "2020.05.21"]
[WhiteTeam "Blackburn's Rovers"]
[BlackTeam "Gonzaga College SJ C"]

1. d4 Nf6 2. c4 e6 3. Nc3 d5 4. Bg5 c6 5. Nf3 Nbd7 6. Ne5 h6 7. Bxf6 Nxf6 8.
cxd5 exd5 9. e3 Bd6 10. Nf3 O-O 11. Bd3 Re8 12. O-O Qc7 13. Re1 Bg4 14. Be2
Bxf3 15. Bxf3 Bxh2+ 16. Kf1 Bd6 17. e4 dxe4 18. Bxe4 Nxe4 19. Nxe4 Re6 20. Nc5
Rxe1+ 21. Qxe1 Bxc5 22. dxc5 Qh2 23. Rd1 Qh1+ 24. Ke2 Re8+ 25. Kd2 Rxe1 26.
Rxe1 Qxg2 27. Re8+ Kh7 28. Re2 Qg5+ 29. Ke1 Qxc5 30. a3 Qc1# 0-1

[Event "Junior Online 4NCL Division 5"]
[Site "online"]
[Date "2020.05.21"]
[Round "6.44"]
[White "O'Boyle, Emmet"]
[Black "Evans, Dylan"]
[Result "0-1"]
[WhiteElo "887"]
[BlackElo "1067"]
[PlyCount "37"]
[EventDate "2020.05.21"]
[WhiteTeam "Gonzaga College SJ C"]
[BlackTeam "Blackburn's Rovers"]

1. e4 c6 2. d4 d5 3. Nc3 dxe4 4. Nxe4 Qd5 5. Nc3 Qd8 6. Nf3 Nf6 7. Bd3 Bg4 8.
Be3 Bxf3 9. Qxf3 e6 10. O-O-O Bd6 11. Kb1 O-O 12. h4 Nbd7 13. g4 h6 14. g5 hxg5
15. Bxg5 a6 16. Ne4 Bc7 17. Rdg1 Ba5 18. Nxf6+ gxf6 19. Bxf6# 0-1

[Event "Junior Online 4NCL Division 5"]
[Site "online"]
[Date "2020.05.21"]
[Round "6.45"]
[White "McIntyre, Jack"]
[Black "Evans, Ruben"]
[Result "0-1"]
[WhiteElo "1376"]
[BlackElo "1727"]
[PlyCount "48"]
[EventDate "2020.05.21"]
[WhiteTeam "Gonzaga College SJ C"]
[BlackTeam "Blackburn's Rovers"]

1. e4 e6 2. d4 d5 3. Nc3 Nf6 4. Bd3 Bb4 5. e5 Bxc3+ 6. bxc3 Nfd7 7. Qg4 c5 8.
Qxg7 Rf8 9. Bh6 Qa5 10. Bd2 Qa4 11. Nf3 Nc6 12. Qg4 Ncxe5 13. Nxe5 Nxe5 14. Qg3
Nxd3+ 15. Qxd3 b6 16. O-O Ba6 17. Qxh7 Bxf1 18. Kxf1 cxd4 19. cxd4 Qxd4 20. Bh6
Qxa1+ 21. Ke2 Qe5+ 22. Kf1 Rh8 23. Qg7 Qxg7 24. Bxg7 Rxh2 0-1

[Event "Junior Online 4NCL Division 5"]
[Site "online"]
[Date "2020.05.21"]
[Round "6.46"]
[White "Cooper, Dylan E"]
[Black "He, Andrew"]
[Result "0-1"]
[WhiteElo "1277"]
[BlackElo "1207"]
[PlyCount "70"]
[EventDate "2020.05.21"]
[WhiteTeam "Blackburn's Rovers"]
[BlackTeam "Gonzaga College SJ C"]

1. d4 Nf6 2. Bg5 e6 3. e4 h6 4. Bxf6 Qxf6 5. Nc3 Nc6 6. Nb5 Bb4+ 7. c3 Ba5 8.
e5 Qg6 9. Qd3 Qg4 10. h3 Qg5 11. Nf3 Qe7 12. Be2 a6 13. Na3 d5 14. Nc2 Bd7 15.
O-O O-O-O 16. b4 Bb6 17. a4 g5 18. b5 axb5 19. axb5 Na7 20. Rfb1 Rdg8 21. g4 h5
22. Nh2 hxg4 23. Nxg4 Rg6 24. Nf6 Rgh6 25. Bg4 Kb8 26. Kg2 Rxf6 27. exf6 Qxf6
28. Qf3 Qxf3+ 29. Kxf3 Nxb5 30. Rb3 Nd6 31. Ke3 Nc4+ 32. Kd3 f5 33. Be2 Rxh3+
34. f3 g4 35. Rf1 Ba4 0-1

[Event "Junior Online 4NCL Division 5"]
[Site "online"]
[Date "2020.05.21"]
[Round "6.47"]
[White "Burke, Hugh"]
[Black "Stanley, Isaac"]
[Result "1-0"]
[WhiteElo "977"]
[BlackElo "1165"]
[PlyCount "119"]
[EventDate "2020.05.21"]
[WhiteTeam "Gonzaga College SJ C"]
[BlackTeam "Blackburn's Rovers"]

1. b3 d5 2. Bb2 Nf6 3. e3 Bf5 4. Nf3 Nbd7 5. g3 e6 6. Bg2 Bd6 7. O-O O-O 8. Nc3
e5 9. d3 Re8 10. Re1 e4 11. dxe4 dxe4 12. Nd2 Ne5 13. Bxe4 Bxe4 14. Ndxe4 Bb4
15. Qxd8 Raxd8 16. Nxf6+ gxf6 17. Red1 Nf3+ 18. Kg2 Bxc3 19. Rxd8 Rxd8 20. Bxc3
Ne5 21. f4 Ng4 22. Re1 c5 23. h3 Nh6 24. Re2 f5 25. Rd2 Re8 26. Kf3 b5 27. Rd7
b4 28. Be5 a5 29. Rc7 Rd8 30. Rxc5 Kf8 31. Rxa5 Rd2 32. c3 bxc3 33. Bxc3 Rd3
34. Bd4 Ng8 35. Ra8+ Ke7 36. Rxg8 Rd2 37. Ra8 Rh2 38. a4 Rxh3 39. a5 Rh1 40. a6
Rf1+ 41. Ke2 Rg1 42. Kf2 Rb1 43. a7 Rxb3 44. Rh8 Ra3 45. a8=Q Rxa8 46. Rxa8 Kd7
47. Rh8 Ke7 48. Rxh7 Ke6 49. Kf3 f6 50. g4 fxg4+ 51. Kxg4 f5+ 52. Kg5 Kd5 53.
Rf7 Kc4 54. Rxf5 Kd3 55. Ra5 Ke4 56. f5 Kd3 57. f6 Ke4 58. f7 Kd3 59. f8=Q Ke4
60. Qf5# 1-0

[Event "Junior Online 4NCL Division 5"]
[Site "online"]
[Date "2020.05.21"]
[Round "6.48"]
[White "Evans, Dylan"]
[Black "O'Boyle, Emmet"]
[Result "0-1"]
[WhiteElo "1067"]
[BlackElo "887"]
[PlyCount "54"]
[EventDate "2020.05.21"]
[WhiteTeam "Blackburn's Rovers"]
[BlackTeam "Gonzaga College SJ C"]

1. d4 Nf6 2. c4 g6 3. Nc3 Bg7 4. Bf4 O-O 5. e3 d6 6. Nf3 Re8 7. Bd3 Nbd7 8. O-O
e5 9. dxe5 dxe5 10. Bg3 e4 11. Bxe4 Nxe4 12. Nxe4 Rxe4 13. Qd3 Re8 14. Rad1 Qe7
15. b3 Nf6 16. Bh4 Bf5 17. Qd4 Rad8 18. Qxa7 Rxd1 19. Bxf6 Rxf1+ 20. Kxf1 Qxf6
21. Qxb7 Qa1+ 22. Ke2 Qb2+ 23. Kd1 Rd8+ 24. Qd5 Rxd5+ 25. cxd5 Qc2+ 26. Ke1
Bc3+ 27. Kf1 Bd3+ 0-1

[Event "Junior Online 4NCL Division 5"]
[Site "online"]
[Date "2020.05.21"]
[Round "6.51"]
[White "He, Tom Junde"]
[Black "Salussolia, Louis"]
[Result "1-0"]
[WhiteElo "1397"]
[BlackElo "1442"]
[PlyCount "57"]
[EventDate "2020.05.21"]
[WhiteTeam "St Mary's Harborne"]
[BlackTeam "May the Fork Be With You 1"]

1. d4 d5 2. c4 e6 3. Nc3 Nf6 4. e3 c6 5. c5 b6 6. b4 bxc5 7. bxc5 Nbd7 8. Nf3
Rb8 9. Be2 Qc7 10. g3 e5 11. O-O exd4 12. exd4 Be7 13. Bf4 Qa5 14. Bxb8 Qxc3
15. Bf4 Nh5 16. Bd2 Qa3 17. Bc1 Qc3 18. Bd2 Qa3 19. Ne1 Bf6 20. Bxh5 Bxd4 21.
Qe2+ Kf8 22. Rd1 Qxa2 23. Nf3 Ba6 24. Qe1 Bxf1 25. Nxd4 Bc4 26. Nxc6 g6 27.
Bh6+ Kg8 28. Qe8+ Nf8 29. Qxf8# 1-0

[Event "Junior Online 4NCL Division 5"]
[Site "online"]
[Date "2020.05.21"]
[Round "6.52"]
[White "Shah, Rahul"]
[Black "Howett, Ralphie"]
[Result "1-0"]
[WhiteElo "1360"]
[BlackElo "1217"]
[PlyCount "91"]
[EventDate "2020.05.21"]
[WhiteTeam "May the Fork Be With You 1"]
[BlackTeam "St Mary's Harborne"]

1. d4 d5 2. c4 dxc4 3. Nc3 Nf6 4. e3 Nc6 5. Nf3 e6 6. Bxc4 Bb4 7. O-O e5 8.
dxe5 Nh5 9. Qxd8+ Kxd8 10. Rd1+ Ke8 11. h3 g6 12. Ng5 Nxe5 13. a3 Bxc3 14.
Bxf7+ Nxf7 15. Nxf7 Kxf7 16. bxc3 g5 17. Bb2 g4 18. c4 Rg8 19. h4 g3 20. Rd2
gxf2+ 21. Rxf2+ Ke8 22. Rd1 Be6 23. c5 Rd8 24. Rb1 Rd3 25. Bd4 b6 26. cxb6 cxb6
27. Rb5 Rxa3 28. Rxh5 Bg4 29. Rxh7 Ra1+ 30. Bxa1 a5 31. Rff7 Bh3 32. Re7+ Kd8
33. Reg7 Rxg7 34. Rxg7 Be6 35. Bf6+ Kc8 36. Re7 Bf5 37. Re8+ Kd7 38. Rb8 Kc6
39. Bd8 a4 40. Rxb6+ Kc5 41. Ra6 Kb5 42. Ra5+ Kb4 43. Rxf5 a3 44. Be7+ Kb3 45.
Bxa3 Kxa3 46. h5 1-0

[Event "Junior Online 4NCL Division 5"]
[Site "online"]
[Date "2020.05.21"]
[Round "6.53"]
[White "Madoc, Arthur"]
[Black "Valanju, Samit"]
[Result "0-1"]
[WhiteElo "1262"]
[BlackElo "1367"]
[PlyCount "74"]
[EventDate "2020.05.21"]
[WhiteTeam "St Mary's Harborne"]
[BlackTeam "May the Fork Be With You 1"]

1. e4 e6 2. Nf3 d5 3. exd5 exd5 4. Qe2+ Be7 5. Nc3 Nf6 6. d4 O-O 7. Bg5 Nc6 8.
h4 Bb4 9. Bxf6 Qxf6 10. Qd3 Re8+ 11. Be2 Bg4 12. a3 Bxc3+ 13. Qxc3 Bxf3 14.
gxf3 Nxd4 15. Qd3 Nxf3+ 16. Kd1 Nd4 17. Bg4 c5 18. c3 Nc6 19. Bd7 Red8 20. Bxc6
bxc6 21. Kc2 Qxf2+ 22. Qd2 Qf5+ 23. Qd3 Qxd3+ 24. Kxd3 Rd6 25. Rae1 h5 26. Re7
Kf8 27. Rhe1 Rdd8 28. Kc2 Re8 29. Rxe8+ Rxe8 30. Rxe8+ Kxe8 31. Kb3 Kd7 32. Ka4
Kc7 33. Ka5 Kb7 34. b4 cxb4 35. axb4 f5 36. Ka4 f4 37. Kb3 f3 0-1

[Event "Junior Online 4NCL Division 5"]
[Site "online"]
[Date "2020.05.21"]
[Round "6.54"]
[White "Walia, Michael Kanishk"]
[Black "Mykhnenko, Marijka"]
[Result "1-0"]
[WhiteElo "1330"]
[BlackElo "1015"]
[PlyCount "71"]
[EventDate "2020.05.21"]
[WhiteTeam "May the Fork Be With You 1"]
[BlackTeam "St Mary's Harborne"]

1. e4 e5 2. Nf3 Nc6 3. d4 d6 4. d5 Nb8 5. Nc3 Nf6 6. Bg5 h6 7. Bh4 g5 8. Bg3 c6
9. dxc6 Nxc6 10. Bc4 Bg4 11. O-O Nd4 12. Be2 Bxf3 13. Bxf3 Be7 14. Be2 a6 15.
h3 h5 16. Bh2 g4 17. hxg4 hxg4 18. Bxg4 Nxg4 19. Qxg4 Nxc2 20. Rac1 Nd4 21. Nd5
Rc8 22. Rxc8 Qxc8 23. Qxc8+ Bd8 24. Nf6+ Kf8 25. Qxd8+ Kg7 26. Ne8+ Kg6 27. Qa5
Ne2+ 28. Kh1 Nf4 29. Qc7 Ne6 30. Qxd6 a5 31. Nc7 Kg5 32. Nxe6+ fxe6 33. Qxe5+
Kg6 34. Qxh8 Kg5 35. f4+ Kg4 36. Qh3# 1-0

[Event "Junior Online 4NCL Division 5"]
[Site "online"]
[Date "2020.05.21"]
[Round "6.55"]
[White "Salussolia, Louis"]
[Black "He, Tom Junde"]
[Result "1-0"]
[WhiteElo "1442"]
[BlackElo "1397"]
[PlyCount "145"]
[EventDate "2020.05.21"]
[WhiteTeam "May the Fork Be With You 1"]
[BlackTeam "St Mary's Harborne"]

1. e4 e5 2. Nf3 Nc6 3. d4 exd4 4. Nxd4 Nxd4 5. Qxd4 Qe7 6. Nc3 Nf6 7. e5 d6 8.
Bb5+ c6 9. Ba4 Qxe5+ 10. Qxe5+ dxe5 11. Ke2 Be7 12. Bg5 O-O 13. Ne4 Re8 14.
Nxf6+ Bxf6 15. Bxf6 gxf6 16. Rad1 b5 17. Bb3 Be6 18. Bxe6 fxe6 19. Rd6 Rac8 20.
Rd7 a5 21. Ra7 a4 22. Ra6 Red8 23. Rd1 Rxd1 24. Kxd1 Kf7 25. Ke2 Kg6 26. Kf3 f5
27. Ra7 e4+ 28. Kf4 Kf6 29. Rxh7 e5+ 30. Ke3 c5 31. Rb7 b4 32. Ra7 a3 33. bxa3
bxa3 34. Rxa3 Rh8 35. h3 Rg8 36. g3 Rh8 37. h4 Re8 38. Ra6+ Re6 39. Rxe6+ Kxe6
40. h5 Kf6 41. a4 Kg5 42. h6 Kxh6 43. a5 Kg5 44. a6 Kg4 45. a7 f4+ 46. gxf4
exf4+ 47. Ke2 f3+ 48. Ke3 Kh3 49. a8=Q Kg2 50. Qxe4 c4 51. Qxf3+ Kf1 52. Qe2+
Kg2 53. f4+ Kg3 54. f5 Kh3 55. f6 Kh4 56. f7 Kg5 57. f8=R Kg6 58. Qg4+ Kh7 59.
Qxc4 Kh6 60. Qh4+ Kg7 61. Qf6+ Kh7 62. Qh6+ Kxh6 63. Rf5 Kg6 64. Ke4 Kg7 65.
Ke5 Kg6 66. c3 Kg7 67. Rf6 Kg8 68. Ke6 Kg7 69. c4 Kg8 70. Rf7 Kh8 71. Kf6 Kg8
72. Kg6 Kh8 73. Rf8# 1-0

[Event "Junior Online 4NCL Division 5"]
[Site "online"]
[Date "2020.05.21"]
[Round "6.56"]
[White "Howett, Ralphie"]
[Black "Shah, Rahul"]
[Result "1-0"]
[WhiteElo "1217"]
[BlackElo "1360"]
[PlyCount "76"]
[EventDate "2020.05.21"]
[WhiteTeam "St Mary's Harborne"]
[BlackTeam "May the Fork Be With You 1"]

1. e4 c5 2. Nf3 d6 3. Nc3 Nf6 4. Bc4 g6 5. O-O Bg7 6. d3 O-O 7. Bg5 Bg4 8. h3
Bd7 9. a3 Nc6 10. e5 dxe5 11. Qe1 Ne8 12. Nd5 Nd6 13. Bb5 Nxb5 14. c4 Nbd4 15.
Nxd4 cxd4 16. b4 Re8 17. b5 Nb8 18. a4 Bf5 19. Rd1 Nd7 20. a5 Nc5 21. g4 Bxd3
22. b6 Bxf1 23. Kxf1 axb6 24. Nxb6 Ra6 25. Nd5 Rxa5 26. f4 f6 27. Bh4 exf4 28.
Rxd4 Qa8 29. Kf2 Ra2+ 30. Kf3 Qa3+ 31. Kxf4 Nd3+ 32. Rxd3 Qxd3 33. Qe6+ Kh8 34.
Nxe7 Qf1+ 35. Ke3 Re2+ 36. Kd4 Rxe6 37. Nxg6+ hxg6 38. g5 fxg5+ 1-0

[Event "Junior Online 4NCL Division 5"]
[Site "online"]
[Date "2020.05.21"]
[Round "6.57"]
[White "Valanju, Samit"]
[Black "Madoc, Arthur"]
[Result "0-1"]
[WhiteElo "1367"]
[BlackElo "1262"]
[PlyCount "78"]
[EventDate "2020.05.21"]
[WhiteTeam "May the Fork Be With You 1"]
[BlackTeam "St Mary's Harborne"]

1. e4 e5 2. Nf3 Nc6 3. d4 exd4 4. Nxd4 Nxd4 5. Qxd4 Nf6 6. Nc3 d6 7. Bg5 c5 8.
Qd2 Be7 9. Bc4 O-O 10. O-O b6 11. Rfe1 Bb7 12. h4 h6 13. Be3 Nxe4 14. Qd3 Nxc3
15. Qxc3 Bf6 16. Qd3 d5 17. Bb3 c4 18. Qd2 cxb3 19. cxb3 d4 20. Bf4 Qd5 21. f3
d3 22. Kh2 Ba6 23. Rac1 Rfe8 24. Rf1 Re2 25. Qd1 Bxb2 26. Rb1 Bc3 27. Rc1 Be5
28. Bxe5 Rxe5 29. Rc4 Bxc4 30. bxc4 Qxc4 31. a3 Rd8 32. Re1 Rxe1 33. Qxe1 d2
34. Qd1 Qc1 35. Qxc1 dxc1=Q 36. Kg3 Qc7+ 37. Kf2 Rd3 38. Ke2 Qc2+ 39. Kf1 Rd1#
0-1

[Event "Junior Online 4NCL Division 5"]
[Site "online"]
[Date "2020.05.21"]
[Round "6.58"]
[White "Mykhnenko, Marijka"]
[Black "Walia, Michael Kanishk"]
[Result "1-0"]
[WhiteElo "1015"]
[BlackElo "1330"]
[PlyCount "109"]
[EventDate "2020.05.21"]
[WhiteTeam "St Mary's Harborne"]
[BlackTeam "May the Fork Be With You 1"]

1. e4 e6 2. d3 d5 3. e5 c5 4. Nf3 Nc6 5. c3 Nge7 6. d4 Ng6 7. Bd3 Nf4 8. Bxf4
cxd4 9. cxd4 Qb6 10. Nc3 Qxb2 11. Ne2 Bd7 12. O-O Qb6 13. Re1 Qc7 14. a3 Be7
15. Bc1 h6 16. Bb2 O-O-O 17. Rc1 Bg5 18. Nxg5 hxg5 19. Bb5 f6 20. Bxc6 Bxc6 21.
h3 fxe5 22. dxe5 Rdf8 23. Nd4 Qb6 24. Rf1 Qxb2 25. Nxc6 bxc6 26. Rxc6+ Kd7 27.
Rd6+ Ke7 28. Ra6 Kf7 29. Rxa7+ Kg8 30. Qg4 Qxe5 31. a4 Qf6 32. a5 Qf5 33. Qa4
Qg6 34. a6 Qe8 35. Qa5 Qd8 36. Qc5 Qc8 37. Qd6 Qe8 38. Re7 Qd8 39. Qxe6+ Kh7
40. a7 Rf6 41. Qe4+ Kg8 42. Re8+ Qxe8 43. Qxe8+ Rf8 44. Qxf8+ Kxf8 45. a8=Q+
Kf7 46. Qxh8 Kg6 47. Rd1 Kf6 48. Rxd5 Kg6 49. h4 Kf7 50. Rf5+ Kg6 51. Rxg5+ Kf7
52. Qxg7+ Ke6 53. Qh6+ Ke7 54. Rg7+ Ke8 55. Qh8# 1-0

[Event "Junior Online 4NCL Division 5"]
[Site "online"]
[Date "2020.05.21"]
[Round "6.61"]
[White "Lyons, Joseph"]
[Black "Jayakumar, Bharath"]
[Result "0-1"]
[WhiteElo "1277"]
[BlackElo "1255"]
[PlyCount "144"]
[EventDate "2020.05.21"]
[WhiteTeam "May the Fork Be With You 2"]
[BlackTeam "Harrow Juniors D"]

1. e4 c5 2. Nf3 d6 3. Bc4 e6 4. Nc3 Nf6 5. d3 Be7 6. O-O O-O 7. h3 Nbd7 8. Be3
Nb6 9. Bb3 d5 10. d4 cxd4 11. Qxd4 dxe4 12. Qxd8 Bxd8 13. Ng5 Nbd5 14. Bxd5
exd5 15. Bd4 Nh5 16. Ngxe4 dxe4 17. Nxe4 Bf5 18. Nd6 Bxc2 19. Nxb7 Nf4 20. Rfe1
Nd3 21. Re2 Nb4 22. Rae1 Bc7 23. Nc5 Bf5 24. Rc1 Nxa2 25. Ra1 Nb4 26. Bc3 Nd3
27. Nxd3 Bxd3 28. Re3 Rfd8 29. Rd1 Bb5 30. Rxd8+ Rxd8 31. g3 Bb6 32. Re5 Rd1+
33. Be1 Bc6 34. Kh2 Bxf2 35. h4 Bxe1 36. Rc5 Rd2+ 37. Kh3 Bd7+ 38. g4 Rd3+ 39.
Kg2 Bxg4 40. Re5 Bh3+ 41. Kg1 h6 42. Rxe1 Rd2 43. Re3 Be6 44. Rf3 Rxb2 45. Rf2
Rb1+ 46. Kg2 Bd5+ 47. Kg3 Rg1+ 48. Kf4 g5+ 49. hxg5 hxg5+ 50. Ke5 Be6 51. Rf3
Re1+ 52. Kd4 Bg4 53. Rg3 Rd1+ 54. Ke3 Re1+ 55. Kd4 f5 56. Kc5 Rc1+ 57. Kb5 Be2+
58. Kb4 g4 59. Ka3 Ra1+ 60. Kb2 Rd1 61. Kc2 Rd3 62. Rg2 Bf3 63. Rg3 f4 64. Rg1
Re3 65. Kd2 Re2+ 66. Kd3 Rg2 67. Rf1 Be2+ 68. Kd2 Bxf1+ 69. Ke1 Bc4 70. Kd1 f3
71. Ke1 f2+ 72. Kd1 f1=Q# 0-1

[Event "Junior Online 4NCL Division 5"]
[Site "online"]
[Date "2020.05.21"]
[Round "6.62"]
[White "Rahman, Faraz"]
[Black "Joshi, Aarav"]
[Result "0-1"]
[WhiteElo "1202"]
[BlackElo "1150"]
[PlyCount "68"]
[EventDate "2020.05.21"]
[WhiteTeam "Harrow Juniors D"]
[BlackTeam "May the Fork Be With You 2"]

1. e4 c5 2. Nf3 d6 3. Nc3 Nc6 4. Bc4 e6 5. O-O Nf6 6. d3 Be7 7. Bg5 O-O 8. Nd2
h6 9. Be3 b6 10. Qf3 Bb7 11. Qg3 Kh8 12. f4 d5 13. Bb5 d4 14. e5 Nh7 15. Qf3
dxe3 16. Bxc6 Bxc6 17. Qxc6 exd2 18. Ne4 Rc8 19. Qb7 Rc7 20. Qa6 c4 21. dxc4
Qd4+ 22. Nf2 Qxc4 23. Qxc4 Rxc4 24. c3 Rxf4 25. Rad1 Rd8 26. g3 Rf5 27. Ne4
Rxe5 28. Nxd2 Bc5+ 29. Kh1 Red5 30. Rxf7 Rxd2 31. Rdf1 Rxb2 32. Rxa7 Ng5 33. h4
Ne4 34. h5 Nxg3# 0-1

[Event "Junior Online 4NCL Division 5"]
[Site "online"]
[Date "2020.05.21"]
[Round "6.63"]
[White "Rahamim, Liad"]
[Black "Karjodkar, Praneeta"]
[Result "1-0"]
[WhiteElo "1195"]
[BlackElo "1232"]
[PlyCount "75"]
[EventDate "2020.05.21"]
[WhiteTeam "May the Fork Be With You 2"]
[BlackTeam "Harrow Juniors D"]

1. d4 d5 2. c4 Nf6 3. Nc3 Nc6 4. cxd5 Nxd5 5. Nxd5 Qxd5 6. Nf3 Bf5 7. Be3 e6 8.
Rc1 Bb4+ 9. Bd2 Bxd2+ 10. Qxd2 O-O 11. g3 Be4 12. Bg2 h6 13. Rc5 Qxa2 14. O-O
b6 15. Rcc1 Rac8 16. Ne1 Bxg2 17. Nxg2 Na5 18. Ra1 Qd5 19. b4 Nb3 20. Qa2 Qc4
21. Rab1 Qxb4 22. Rxb3 Qxd4 23. Qxa7 Qd5 24. Rd3 Qc6 25. Qa2 Ra8 26. Qb1 Ra6
27. Rfd1 Rfa8 28. Rd8+ Qe8 29. Rxe8+ Rxe8 30. Qd3 Raa8 31. Nf4 g5 32. Nh5 Kf8
33. Qc3 c5 34. Qg7+ Ke7 35. Qxh6 Rh8 36. Qxg5+ Kf8 37. Rd8+ Rxd8 38. Qxd8# 1-0

[Event "Junior Online 4NCL Division 5"]
[Site "online"]
[Date "2020.05.21"]
[Round "6.64"]
[White "Valecha, Nikhil"]
[Black "Barbier-Ramaiah, Rohan Theo"]
[Result "0-1"]
[WhiteElo "1277"]
[BlackElo "1052"]
[PlyCount "54"]
[EventDate "2020.05.21"]
[WhiteTeam "Harrow Juniors D"]
[BlackTeam "May the Fork Be With You 2"]

1. c4 e5 2. Nc3 Nf6 3. g3 Nc6 4. e3 Be7 5. Bg2 O-O 6. Nge2 d6 7. O-O Bg4 8. Qe1
Be6 9. Qd1 Bxc4 10. d4 Bxe2 11. Qxe2 exd4 12. Bxc6 dxc3 13. Bxb7 Rb8 14. Bc6
cxb2 15. Bxb2 Rb6 16. Bb5 Qb8 17. a4 c6 18. Bd4 cxb5 19. Bxb6 Qxb6 20. axb5 Nd5
21. Rac1 Nc7 22. Rb1 Ne6 23. Rfc1 Qb7 24. b6 axb6 25. Rb5 Ng5 26. Rcb1 Nh3+ 27.
Kf1 Qh1# 0-1

[Event "Junior Online 4NCL Division 5"]
[Site "online"]
[Date "2020.05.21"]
[Round "6.65"]
[White "Jayakumar, Bharath"]
[Black "Lyons, Joseph"]
[Result "1-0"]
[WhiteElo "1255"]
[BlackElo "1277"]
[PlyCount "123"]
[EventDate "2020.05.21"]
[WhiteTeam "Harrow Juniors D"]
[BlackTeam "May the Fork Be With You 2"]

1. d4 Nf6 2. c4 g6 3. Nc3 d5 4. Bf4 Bg7 5. Nf3 O-O 6. e3 Bg4 7. Be2 Ne4 8. Nxd5
e6 9. Nxc7 Nd7 10. Nxa8 Qxa8 11. O-O b6 12. h3 Bxf3 13. Bxf3 f5 14. Rc1 Rc8 15.
Qa4 Qb7 16. b3 Bf6 17. Qb5 a6 18. Qa4 Kg7 19. Rfd1 a5 20. Qb5 Qc6 21. Qxc6 Rxc6
22. d5 exd5 23. cxd5 Rxc1 24. Rxc1 Kf7 25. Rc7 Ke7 26. g4 Ke8 27. gxf5 gxf5 28.
Bh5+ Kd8 29. Bf7 Ke7 30. Be6 Nec5 31. a3 Nxe6 32. dxe6 Kxe6 33. Rc6+ Ke7 34.
Bd6+ Kd8 35. Bc7+ Ke7 36. Bxb6 Nxb6 37. Rxb6 Bb2 38. a4 Kd7 39. Ra6 Bc3 40. Kf1
h6 41. Ke2 h5 42. Kd3 Bb4 43. Rh6 Ke7 44. Rxh5 Kf6 45. Rh6+ Kg5 46. Rb6 Kh4 47.
Rxb4+ axb4 48. a5 Kg5 49. a6 Kf6 50. a7 Ke7 51. a8=Q Ke6 52. Qc8+ Kd6 53. Qxf5
Kc6 54. Kd4 Kb6 55. Kc4 Kc7 56. Kb5 Kd6 57. Kc4 Kc6 58. Qe6+ Kc7 59. Kb5 Kb7
60. Qd7+ Kb8 61. Ka6 Ka8 62. Qc8# 1-0

[Event "Junior Online 4NCL Division 5"]
[Site "online"]
[Date "2020.05.21"]
[Round "6.66"]
[White "Joshi, Aarav"]
[Black "Rahman, Faraz"]
[Result "1-0"]
[WhiteElo "1150"]
[BlackElo "1202"]
[PlyCount "57"]
[EventDate "2020.05.21"]
[WhiteTeam "May the Fork Be With You 2"]
[BlackTeam "Harrow Juniors D"]

1. e4 e5 2. Nf3 Nc6 3. Bc4 h6 4. d4 d6 5. dxe5 dxe5 6. Qxd8+ Kxd8 7. Bxf7 Nf6
8. Nc3 Bb4 9. Bd2 Bxc3 10. Bxc3 Ke7 11. Bd5 Bd7 12. O-O-O Be6 13. Bxc6 bxc6 14.
Nxe5 Nxe4 15. Ng6+ Kf7 16. Nxh8+ Rxh8 17. Rhe1 Nxf2 18. Rf1 Kg6 19. Rxf2 Bxa2
20. b3 Rb8 21. Kb2 Bxb3 22. cxb3 a5 23. Bxa5 Rc8 24. Rd7 Re8 25. Bxc7 Re4 26.
Rdd2 Rh4 27. Rd6+ Kh7 28. Rxc6 Rxh2 29. Bxh2 1-0

[Event "Junior Online 4NCL Division 5"]
[Site "online"]
[Date "2020.05.21"]
[Round "6.67"]
[White "Karjodkar, Praneeta"]
[Black "Rahamim, Liad"]
[Result "1/2-1/2"]
[WhiteElo "1232"]
[BlackElo "1195"]
[PlyCount "255"]
[EventDate "2020.05.21"]
[WhiteTeam "Harrow Juniors D"]
[BlackTeam "May the Fork Be With You 2"]

1. e4 e5 2. Nf3 Nc6 3. Bc4 Be7 4. Nc3 Nf6 5. d3 d6 6. h3 O-O 7. O-O b6 8. Bd2
Bb7 9. Nh4 Nxe4 10. Nf5 Nxd2 11. Qxd2 Bg5 12. Qe2 Re8 13. Qh5 g6 14. Nh6+ Bxh6
15. Qxh6 Ne7 16. Ne4 Nf5 17. Qg5 Qxg5 18. Nxg5 d5 19. Bb5 c6 20. Ba4 h6 21. Nf3
e4 22. dxe4 dxe4 23. Nd2 Rac8 24. b4 Ba6 25. Rfe1 e3 26. fxe3 Nxe3 27. Nf3 c5
28. Bxe8 Rxe8 29. Rad1 Bb5 30. Rd2 f5 31. Nh4 g5 32. Nxf5 Nxf5 33. Rxe8+ Bxe8
34. Rd8 Kf8 35. Ra8 cxb4 36. Rxa7 b5 37. a3 bxa3 38. Rxa3 Nd4 39. c3 Ne2+ 40.
Kf1 Nf4 41. Rb3 Kf7 42. Rb4 Nd3 43. Rb3 Nf4 44. Kf2 Kg6 45. g3 Nxh3+ 46. Kf3 h5
47. g4 hxg4+ 48. Kxg4 Nf2+ 49. Kf3 Nd3 50. c4 bxc4 51. Rc3 Ne1+ 52. Ke3 Bf7 53.
Kf2 Kf5 54. Kxe1 Kf4 55. Kf2 g4 56. Kg2 Kg5 57. Kg3 Kf5 58. Rc2 Kg5 59. Rf2 Bd5
60. Rf4 c3 61. Rxg4+ Kf5 62. Ra4 c2 63. Ra1 Ke5 64. Rc1 Bb3 65. Re1+ Kd4 66.
Rc1 Kc3 67. Kf2 Kb2 68. Rf1 Bc4 69. Re1 Be6 70. Ke3 Bd7 71. Kd2 Ba4 72. Rc1 Bb3
73. Kd3 Ba2 74. Kd2 Bf7 75. Rxc2+ Kb3 76. Rc3+ Ka4 77. Kc2 Bb3+ 78. Rxb3 Ka5
79. Kc3 Ka6 80. Rb4 Ka5 81. Kc4 Ka6 82. Kc5 Ka5 83. Kc4 Ka6 84. Rb5 Ka7 85. Kc5
Ka6 86. Kc6 Ka7 87. Rb6 Ka8 88. Kc7 Ka7 89. Kc6 Ka8 90. Kb5 Ka7 91. Ka5 Ka8 92.
Rd6 Kb8 93. Ka6 Kc7 94. Rg6 Kd7 95. Kb6 Ke7 96. Kc6 Kf7 97. Rd6 Ke7 98. Kc7 Kf7
99. Kd7 Kg7 100. Re6 Kf7 101. Kd6 Kg7 102. Ke7 Kg8 103. Rf6 Kg7 104. Ke6 Kg8
105. Rf7 Kh8 106. Ke7 Kg8 107. Kf6 Kh8 108. Kg6 Kg8 109. Kf6 Kh8 110. Re7 Kg8
111. Kg6 Kf8 112. Rf7+ Ke8 113. Kg7 Kd8 114. Kg8 Kc8 115. Kf8 Kd8 116. Re7 Kc8
117. Ke8 Kb8 118. Kd8 Ka8 119. Re8 Kb7 120. Re6 Ka7 121. Kd7 Kb7 122. Kd6 Ka6
123. Re5 Kb6 124. Kd7 Ka6 125. Rc5 Kb6 126. Kd6 Ka6 127. Kc6 Ka7 128. Rb5
1/2-1/2

[Event "Junior Online 4NCL Division 5"]
[Site "online"]
[Date "2020.05.21"]
[Round "6.68"]
[White "Barbier-Ramaiah, Rohan Theo"]
[Black "Valecha, Nikhil"]
[Result "1-0"]
[WhiteElo "1052"]
[BlackElo "1277"]
[PlyCount "30"]
[EventDate "2020.05.21"]
[WhiteTeam "May the Fork Be With You 2"]
[BlackTeam "Harrow Juniors D"]

1. d4 d5 2. c4 c6 3. Nf3 Nd7 4. Nc3 dxc4 5. e4 e6 6. Bxc4 b5 7. Be2 Ne7 8. Bf4
Qa5 9. O-O b4 10. Na4 c5 11. dxc5 Nc6 12. Qb3 Bxc5 13. Rfc1 O-O 14. Nxc5 Nde5
15. Bxe5 a6 1-0